MARC

LEADER 00000nam0a2200000 4500
001 350343
005 20231102010307.0
035 |a (RuTPU)RU\TPU\retro\4321 
090 |a 350343 
100 |a 20190121d1903 k y0rusy50 ca 
101 0 |a eng 
105 |a a z 001zy 
200 1 |a The Economic Geology of the Non-metallic Minerals: Based on American Examples  |f J. F. Kemp 
210 |d [1903] 
215 |a 75 p.  |c il., maps 
316 |5 63413507: 21//221  |a На с. 1 дарственная надпись: "Professer L. L. Tovey - With the Kindness[qaed] J. F. Kemp" 
317 |5 63413507: 21//221  |a Поступила в НТБ в 1918 г. в составе книжного собрания профессора ТТИ Л. Л. Тове 
320 |a Библиогр. в тексте 
606 1 |a Минералогия  |2 stltpush  |3 (RuTPU)RU\TPU\subj\43907  |9 63333 
610 1 |a экономика зарубежных стран 
610 1 |a геологические исследования 
610 1 |a минералогические исследования 
610 1 |a минералогический анализ 
610 1 |a минералогические характеристики 
610 1 |a карбонатные минералы 
610 1 |a угольные пласты 
610 1 |a связи 
610 1 |a торф 
610 1 |a бурые угли 
610 1 |a дарственные надписи 
610 1 |a коллекция Л. Л. Тове 
675 |a 549  |v 3 
700 1 |a Kemp  |b J. F.  |g James F. 
801 1 |a RU  |b 63413507  |c 20190121 
801 2 |a RU  |b 63413507  |c 20190201  |g RCR 
942 |c BK